Obálka Náhled e-knihy:
PDF
Pro půjčování e-knih musíte být přihlášeni.
Jak si půjčit online?

Kael - chlapec bez totemu /

V kráľovstve ovládanom mocou zvieracích totemov je mladý chlapec Kael bez totemu verejne ponížený a vyhlásený za vyvrheľa bez budúcnosti. V jeho vnútri sa však ukrýva niečo oveľa temnejšie, mocnejšie a nebezpečnejšie, než si ktokoľvek v kráľovstve dokáže predstaviť. Vydajte sa spolu s Kaelom na cest...

Celý popis

Uloženo v:
Hlavní autor: Gay, Olivier (Autor)
Médium: E-kniha
Jazyk:Czech
Vydáno: Praha : Albatros Media Slovakia s.r.o., 2026
Tagy:
Žádné tagy
LEADER 01348nam a22002297i 4500
001 303398
007 ta
008 260519s2026 xr ||||| |||| 00| 0 cze d
020 |a 9788056652558 
044 |a xr 
100 1 |a  Gay, Olivier  |4 aut 
245 1 0 |a Kael - chlapec bez totemu /  |c  Gay, Olivier 
240 1 0 |a Kael le sans-totem 
264 1 |a Praha :  |b Albatros Media Slovakia s.r.o.,  |c 2026 
300 |a 1 online zdroj (64 stran) 
336 |a text  |b txt  |2 rdacontent 
337 |a bez média  |b n  |2 rdamedia 
338 |a online zdroj  |b cr  |2 rdacarrier 
520 2 |a V kráľovstve ovládanom mocou zvieracích totemov je mladý chlapec Kael bez totemu verejne ponížený a vyhlásený za vyvrheľa bez budúcnosti. V jeho vnútri sa však ukrýva niečo oveľa temnejšie, mocnejšie a nebezpečnejšie, než si ktokoľvek v kráľovstve dokáže predstaviť. Vydajte sa spolu s Kaelom na cestu za hľadaním vlastnej identity vo svete, kde byť iný znamená byť nepriateľom. 
910 |a RBIT002 
998 |d 427183  |a https://core.palmknihy.cz/api/books/427183/cover?tf5f4p  |b https://core.palmknihy.cz/api/books/427183/cover/400?tf5f4p  |c https://core.palmknihy.cz/api/books/427183/cover/50?tf5f4p  |e 2030-11-12  |g 64  |i 9788056652558  |k https://core.palmknihy.cz/api/books/427183/preview.pdf  |l   |q 49  |r 1  |s https://www.palmknihy.cz/kniha/427183  |t ebook  |y 2026  |z 1 
999 |d 303396